[Event "5. Lovsprings EMT Basis 1 1993"]
[Site "Ringsted"]
[Date "1993.04.16"]
[Round "3"]
[White "Larsen, Allan"]
[Black "Madsen, Morten"]
[Result "1-0"]
[WhiteElo "1837"]
[BlackElo "1829"]
[PlyCount "101"]
[EventDate "1993.??.??"]
[SourceDate "2016.09.02"]

1. e4 e5 2. Nf3 d6 3. Bc4 Be7 4. c3 Nf6 5. d3 O-O 6. h3 Nbd7 7. O-O Nb6 8. Nbd2
Bd7 9. Re1 Nxc4 10. Nxc4 Ne8 11. d4 exd4 12. cxd4 Nf6 13. Bf4 Bc6 14. e5 dxe5
15. Nfxe5 Bd5 16. Ne3 c6 17. a3 Re8 18. Rc1 g6 19. N3g4 Nh5 20. Qd2 Nxf4 21.
Qxf4 Bg5 22. Qg3 Bxc1 23. Rxc1 Be6 24. Qf4 f5 25. Nh6+ Kg7 26. h4 Qf6 27. b4
Re7 28. Rc3 Rd8 29. Rg3 Bc8 30. Nf3 Qd6 31. Qg5 f4 32. Rg4 Bxg4 33. Nxg4 Rf8
34. h5 Rf5 35. Qh6+ Kg8 36. Nge5 Rxh5 37. Qxf4 Rf5 38. Qc1 Qf6 39. Ng4 Qf8 40.
Nh6+ Kg7 41. Nxf5+ Qxf5 42. Qc4 Qb1+ 43. Kh2 Qb2 44. Qc5 Kf8 45. Qd6 Qxa3 46.
Ne5 Qc1 47. Qd8+ Kg7 48. Qxe7+ Kh6 49. Ng4+ Kh5 50. Ne3 Kh6 51. Qf8+ 1-0

[Event "5. Lovsprings EMT Basis 1 1993"]
[Site "Ringsted"]
[Date "1993.04.23"]
[Round "4"]
[White "Hvitved, Thomas"]
[Black "Jensen, Karsten"]
[Result "1-0"]
[WhiteElo "1846"]
[BlackElo "1794"]
[PlyCount "73"]
[EventDate "1993.??.??"]
[SourceDate "2016.09.02"]

1. d4 Nf6 2. c4 e5 3. dxe5 Ng4 4. Nf3 Bc5 5. e3 Nc6 6. Nc3 Ngxe5 7. Nxe5 Nxe5
8. Be2 O-O 9. O-O a6 10. b3 d6 11. Qc2 Re8 12. Rd1 Bd7 13. Nd5 Rc8 14. b4 Ba7
15. Bb2 Qh4 16. c5 c6 17. g3 Qh6 18. Nf4 d5 19. e4 Ng6 20. Nh5 Ne5 21. exd5 Bg4
22. Bxg4 Nxg4 23. Qf5 Qg6 24. Nxg7 Qxf5 25. Nxf5 Re2 26. Re1 Rce8 27. Rxe2 Rxe2
28. d6 Rxb2 29. d7 Rd2 30. Nd6 Rxd6 31. cxd6 Bb6 32. Re1 Bxf2+ 33. Kg2 Bb6 34.
Re8+ Kg7 35. d8=Q Bxd8 36. Rxd8 Ne5 37. Re8 1-0

[Event "5. Lovsprings EMT Basis 1 1993"]
[Site "Ringsted"]
[Date "1993.04.23"]
[Round "4"]
[White "Lindskov, Villy"]
[Black "Madsen, Morten"]
[Result "0-1"]
[WhiteElo "1831"]
[BlackElo "1829"]
[PlyCount "82"]
[EventDate "1993.??.??"]
[SourceDate "2016.09.02"]

1. e4 e5 2. Nc3 Nf6 3. f4 d6 4. Nf3 Nc6 5. d4 exd4 6. Nxd4 Be7 7. Nxc6 bxc6 8.
Bd3 O-O 9. O-O d5 10. e5 Bc5+ 11. Kh1 Ng4 12. Qe1 f6 13. h3 Nf2+ 14. Rxf2 Bxf2
15. Qxf2 fxe5 16. Qg3 e4 17. Be2 Rb8 18. b3 Rf6 19. Ba3 Rg6 20. Qf2 Rh6 21. Qg3
Bf5 22. Nd1 Qd7 23. Kh2 Re8 24. Ne3 d4 25. Nc4 Rg6 26. Qe1 d3 27. Bf1 e3 28.
Bxd3 Bxd3 29. cxd3 Qd4 30. g3 Qxd3 31. Rd1 Qc2+ 32. Rd2 Qe4 33. Re2 Qf5 34. Ne5
Rh6 35. Qf1 Rxe5 36. Qg2 Re4 37. Bc1 Rhe6 38. Bb2 Qd5 39. Be5 Kf7 40. Qf3 g6
41. h4 R4xe5 0-1

[Event "5. Lovsprings EMT Basis 1 1993"]
[Site "Ringsted"]
[Date "1993.04.23"]
[Round "4"]
[White "Rasmussen, Steen H"]
[Black "Larsen, Allan"]
[Result "0-1"]
[WhiteElo "1756"]
[BlackElo "1837"]
[PlyCount "98"]
[EventDate "1993.??.??"]
[SourceDate "2016.09.02"]

1. e4 e5 2. Nf3 Nc6 3. Bc4 Nf6 4. Nc3 Nxe4 5. Nxe4 d5 6. Bd3 dxe4 7. Bxe4 Bd6
8. Bxc6+ bxc6 9. Qe2 O-O 10. d3 Bg4 11. Bg5 Qe8 12. O-O-O Rb8 13. h3 Be6 14.
Kb1 a5 15. Rhe1 f6 16. Bc1 Qf7 17. c4 Rb4 18. Bd2 Rb7 19. Rc1 Rfb8 20. Rc2 a4
21. g4 Ba3 22. Bc3 Rd8 23. Ka1 Bb4 24. Bxb4 Rxb4 25. Qe4 Qd7 26. Rd1 c5 27. Ne1
c6 28. Rdc1 Bf7 29. Rc3 Qb7 30. R3c2 Bg6 31. Qe3 Qd7 32. Qxc5 Rb7 33. Qa3 e4
34. d4 Qxd4 35. Qc3 Qc5 36. Rd2 Rdb8 37. h4 Rb3 38. Qd4 Qxd4 39. Rxd4 Rxb2 40.
Rd8+ Rxd8 41. Kxb2 Rd2+ 42. Kc3 Rxf2 43. h5 Be8 44. Rc2 Rf4 45. Rg2 c5 46. Kd2
e3+ 47. Kd3 Bc6 48. Kxe3 Re4+ 49. Kd2 Rxe1 0-1

[Event "5. Lovsprings EMT Basis 1 1993"]
[Site "Ringsted"]
[Date "1993.04.30"]
[Round "5"]
[White "Carstensen, Jacob"]
[Black "Christensen, Henrik"]
[Result "1-0"]
[WhiteElo "1722"]
[BlackElo "1837"]
[PlyCount "51"]
[EventDate "1993.??.??"]
[SourceDate "2016.09.02"]

1. d4 Nf6 2. c4 g6 3. Nc3 d5 4. cxd5 Nxd5 5. e4 Nxc3 6. bxc3 Bg7 7. Nf3 c5 8.
Bb5+ Bd7 9. Bxd7+ Nxd7 10. O-O O-O 11. Rb1 Qc7 12. Bg5 Rfe8 13. Qd2 Rac8 14. d5
a6 15. Bxe7 Rb8 16. d6 Qc6 17. Qf4 Bxc3 18. Ng5 f6 19. Nxh7 Kxh7 20. Rb3 Be5
21. Rh3+ Kg7 22. Qh6+ Kf7 23. Qh7+ Ke6 24. Qxg6 Bxd6 25. Rh7 Bxe7 26. Rd1 1-0

[Event "5. Lovsprings EMT Basis 1 1993"]
[Site "Ringsted"]
[Date "1993.04.30"]
[Round "5"]
[White "Jensen, Karsten"]
[Black "Rasmussen, Steen H"]
[Result "1-0"]
[WhiteElo "1794"]
[BlackElo "1756"]
[PlyCount "77"]
[EventDate "1993.??.??"]
[SourceDate "2016.09.02"]

1. d4 Nf6 2. c4 e6 3. a3 c5 4. d5 exd5 5. cxd5 d6 6. Nc3 g6 7. Bg5 Bg7 8. Nf3
O-O 9. e3 h6 10. Bh4 g5 11. Bg3 Nh5 12. Be2 Nxg3 13. hxg3 a6 14. Qc2 Nd7 15.
Bd3 b5 16. Ne4 c4 17. Be2 f5 18. Nxd6 Nb6 19. Nxc8 Rxc8 20. Rd1 Qf6 21. Nd4
Nxd5 22. Bf3 Ne7 23. Rd2 Rb8 24. O-O Qb6 25. Rfd1 f4 26. gxf4 gxf4 27. Bg4 Rf6
28. Qe4 fxe3 29. fxe3 Ng6 30. Nf5 Re6 31. Nxh6+ Bxh6 32. Bxe6+ Kh7 33. Rd7+ Bg7
34. Bf5 Rf8 35. R1d6 Qa5 36. Bxg6+ Kg8 37. Qd5+ Kh8 38. Qh5+ Kg8 39. Qh7# 1-0

[Event "5. Lovsprings EMT Basis 1 1993"]
[Site "Ringsted"]
[Date "1993.04.30"]
[Round "5"]
[White "Larsen, Allan"]
[Black "Hvitved, Thomas"]
[Result "1-0"]
[WhiteElo "1837"]
[BlackElo "1846"]
[PlyCount "35"]
[EventDate "1993.??.??"]
[SourceDate "2016.09.02"]

1. e4 b6 2. d4 Bb7 3. Bd3 e6 4. c3 Nf6 5. Qe2 Be7 6. Nf3 O-O 7. a3 c5 8. e5 Ne8
9. h4 f6 10. Ng5 fxg5 11. Bxh7+ Kxh7 12. hxg5+ Kg6 13. Qh5+ Kf5 14. f3 Bxf3 15.
Qxf3+ Kg6 16. Qh5+ Kf5 17. Nd2 cxd4 18. cxd4 1-0

[Event "5. Lovsprings EMT Basis 1 1993"]
[Site "Ringsted"]
[Date "1993.04.30"]
[Round "5"]
[White "Madsen, Morten"]
[Black "Flindt, Thomas"]
[Result "1-0"]
[WhiteElo "1829"]
[BlackElo "1712"]
[PlyCount "43"]
[EventDate "1993.??.??"]
[SourceDate "2016.09.02"]

1. e4 c5 2. c3 Nf6 3. e5 Nd5 4. d4 e6 5. Nf3 Nc6 6. c4 Nb6 7. d5 exd5 8. cxd5
Nd4 9. Nxd4 cxd4 10. Qxd4 d6 11. Bb5+ Bd7 12. Bxd7+ Qxd7 13. O-O dxe5 14. Qxe5+
Be7 15. Qxg7 O-O-O 16. Bf4 Qxd5 17. Rc1+ Bc5 18. Nc3 Qc6 19. Qg4+ Nd7 20. b4
Rhg8 21. Qh3 Qf6 22. Nd5 1-0

[Event "5. Lovsprings EMT Basis 1 1993"]
[Site "Ringsted"]
[Date "1993.05.14"]
[Round "6"]
[White "Flindt, Thomas"]
[Black "Larsen, Allan"]
[Result "0-1"]
[WhiteElo "1712"]
[BlackElo "1837"]
[PlyCount "75"]
[EventDate "1993.??.??"]
[SourceDate "2016.09.02"]

1. e4 e5 2. Nf3 Nc6 3. Bb5 a6 4. Bxc6 dxc6 5. O-O Bg4 6. h3 Bh5 7. g4 Bg6 8.
Nxe5 Qh4 9. Qf3 O-O-O 10. d3 f6 11. Nxg6 hxg6 12. Kg2 Bd6 13. Rh1 Ne7 14. Bf4
Bxf4 15. Qxf4 g5 16. Qg3 Qh7 17. Nc3 Ng6 18. Ne2 Nh4+ 19. Kf1 g6 20. Ng1 f5 21.
f3 fxe4 22. fxe4 Qg7 23. c3 Rhf8+ 24. Ke2 Qd7 25. Rf1 Rfe8 26. Qe3 Ng2 27. Qd4
Qe6 28. Qf6 Qxa2 29. c4 Nf4+ 30. Rxf4 gxf4 31. Nf3 Qb3 32. Qc3 Qb6 33. c5 Qb5
34. Nd4 Rxe4+ 35. Kf2 Rexd4 36. h4 Rxd3 37. Qc1 Qb3 38. h5 0-1

[Event "5. Lovsprings EMT Basis 1 1993"]
[Site "Ringsted"]
[Date "1993.05.14"]
[Round "6"]
[White "Madsen, Morten"]
[Black "Hvitved, Thomas"]
[Result "0-1"]
[WhiteElo "1829"]
[BlackElo "1846"]
[PlyCount "94"]
[EventDate "1993.??.??"]
[SourceDate "2016.09.02"]

1. e4 b6 2. d4 Bb7 3. Bd3 e6 4. Nf3 Nf6 5. a3 c5 6. e5 Nd5 7. c4 Nc7 8. Nc3
cxd4 9. Nxd4 Bxg2 10. Rg1 Bb7 11. Bg5 Be7 12. Bxe7 Qxe7 13. Rxg7 Nc6 14. Nxc6
Bxc6 15. Qh5 O-O-O 16. Rxf7 Qc5 17. Qh4 Qxe5+ 18. Kd2 d5 19. Re1 Qd6 20. Nb5
Bxb5 21. cxb5 Rd7 22. Rxd7 Qxd7 23. a4 Qd6 24. Qg3 Qb4+ 25. Ke2 Qxb2+ 26. Kf1
Kb7 27. a5 bxa5 28. b6 axb6 29. Qe3 Qf6 30. f4 Rf8 31. f5 exf5 32. Rb1 Re8 33.
Qd2 Qh4 34. Qg2 Qf4+ 35. Qf2 Qxf2+ 36. Kxf2 d4 37. Rg1 b5 38. Rg7 b4 39. Rd7
Re5 40. Rxd4 Rd5 41. Ke3 Rxd4 42. Kxd4 Ne6+ 43. Ke5 Ng7 44. Kf6 b3 45. Kxg7 a4
46. Bc4 b2 47. Ba2 f4 0-1

[Event "5. Lovsprings EMT Basis 1 1993"]
[Site "Ringsted"]
[Date "1993.05.14"]
[Round "6"]
[White "Pedersen, Allan"]
[Black "Jensen, Karsten"]
[Result "0-1"]
[WhiteElo "1648"]
[BlackElo "1794"]
[PlyCount "102"]
[EventDate "1993.??.??"]
[SourceDate "2016.09.02"]

1. Nf3 Nf6 2. g3 g6 3. Bg2 Bg7 4. O-O O-O 5. d4 c6 6. Re1 d5 7. Nbd2 Ne4 8. Ne5
f6 9. Nd3 f5 10. Nb3 Nd7 11. f3 Nd6 12. Nf4 Rf6 13. a4 a5 14. Ra2 e5 15. Nd3
Qb6 16. Be3 e4 17. Ndc5 Nf7 18. Qc1 h6 19. Rf1 Qd8 20. Nxd7 Bxd7 21. Nc5 Bc8
22. Ra1 b6 23. Nb3 Ba6 24. Re1 Kh7 25. Nd2 g5 26. f4 g4 27. b3 Rc8 28. c3 c5
29. Qb2 Rfc6 30. Rac1 Qc7 31. dxc5 bxc5 32. Nb1 Rd8 33. Kh1 d4 34. cxd4 cxd4
35. Rxc6 Qxc6 36. Rc1 dxe3 37. Rxc6 Rd1+ 38. Bf1 Bxb2 39. Kg2 Rd6 40. Rc7 Kg6
41. Rc2 Bf6 42. h3 h5 43. Rc1 Rb6 44. Nc3 Rxb3 45. Nd5 Bb7 46. Nc7 Rc3 47. Rxc3
Bxc3 48. hxg4 hxg4 49. Kg1 Bc6 50. Bg2 Bxa4 51. Nd5 Bd2 0-1

[Event "5. Lovsprings EMT Basis 1 1993"]
[Site "Ringsted"]
[Date "1993.05.16"]
[Round "7"]
[White "Carstensen, Jacob"]
[Black "Hvitved, Thomas"]
[Result "1/2-1/2"]
[WhiteElo "1722"]
[BlackElo "1846"]
[PlyCount "56"]
[EventDate "1993.??.??"]
[SourceDate "2016.09.02"]

1. d4 Nf6 2. c4 g6 3. Nc3 Bg7 4. e4 d6 5. Nf3 O-O 6. Be2 e5 7. O-O Nc6 8. dxe5
dxe5 9. Qxd8 Rxd8 10. Bg5 Re8 11. Bxf6 Bxf6 12. Nd5 Bd8 13. Rfd1 Bg4 14. Nc3
Bxf3 15. Bxf3 a6 16. Rd7 Re7 17. Rxe7 Bxe7 18. Nd5 Bd8 19. Rd1 Nd4 20. Ne3 c6
21. Ng4 Bc7 22. c5 Rd8 23. Kf1 f5 24. Ne3 Kf7 25. Ke1 Ba5+ 26. Kf1 Ke6 27. a3
Nb3 28. exf5+ gxf5 1/2-1/2

[Event "5. Lovsprings EMT Basis 1 1993"]
[Site "Ringsted"]
[Date "1993.05.16"]
[Round "7"]
[White "Jensen, Karsten"]
[Black "Larsen, Allan"]
[Result "0-1"]
[WhiteElo "1794"]
[BlackElo "1837"]
[PlyCount "66"]
[EventDate "1993.??.??"]
[SourceDate "2016.09.02"]

1. d4 Nf6 2. c4 g6 3. Nc3 d5 4. Nf3 Bg7 5. Bf4 O-O 6. cxd5 Nxd5 7. Nxd5 Qxd5 8.
Bxc7 Na6 9. Be5 f6 10. Bf4 Be6 11. e3 Qa5+ 12. Nd2 Rac8 13. a3 b5 14. Be2 g5
15. Bg3 f5 16. f4 g4 17. h3 h5 18. hxg4 hxg4 19. Rh5 Nc7 20. Kf2 Nd5 21. Nb3
Qb6 22. Bh4 Bd7 23. g3 a5 24. Bxg4 a4 25. Bf3 Nxe3 26. Kxe3 Qe6+ 27. Kf2 axb3
28. Kg2 Rc2+ 29. Kh3 Rxb2 30. Rg5 Rc8 31. Rxg7+ Kxg7 32. d5 Qe3 33. Bxe7 Qxe7
0-1

[Event "5. Lovsprings EMT Basis 1 1993"]
[Site "Ringsted"]
[Date "1993.05.16"]
[Round "7"]
[White "Rasmussen, David"]
[Black "Madsen, Morten"]
[Result "1/2-1/2"]
[WhiteElo "1681"]
[BlackElo "1829"]
[PlyCount "45"]
[EventDate "1993.??.??"]
[SourceDate "2016.09.02"]

1. d4 d5 2. c4 e6 3. Nc3 Nf6 4. cxd5 exd5 5. Bg5 Be7 6. e3 h6 7. Bf4 c6 8. Bd3
Na6 9. Bxa6 bxa6 10. Qa4 Bb7 11. Nf3 O-O 12. O-O Qb6 13. Rfc1 Rfe8 14. Ne5 Rad8
15. Nd3 Nd7 16. Bg3 a5 17. Ne2 Qa6 18. Qc2 Rc8 19. Qb3 c5 20. dxc5 Nxc5 21.
Nxc5 Bxc5 22. Nd4 a4 23. Qd1 1/2-1/2

[Event "5. Lovsprings EMT Basis 2 1993"]
[Site "Ringsted"]
[Date "1993.04.01"]
[Round "1"]
[White "Larsen, Ole"]
[Black "Olsen, Lars Byrge"]
[Result "0-1"]
[WhiteElo "1507"]
[BlackElo "1620"]
[PlyCount "38"]
[EventDate "1993.??.??"]
[SourceDate "2016.09.02"]

1. e4 e5 2. Nf3 Nc6 3. Bc4 Nf6 4. Ng5 Bc5 5. Nxf7 Bxf2+ 6. Kf1 Qe7 7. Nxh8 d5
8. exd5 Bg4 9. Be2 Bxe2+ 10. Qxe2 Nd4 11. Qc4 O-O-O 12. Ng6 hxg6 13. Na3 Rf8
14. c3 Ng4 15. cxd4 exd4 16. Nc2 Bg3+ 17. Kg1 Nxh2 18. Rxh2 Bxh2+ 19. Kxh2 Qh4+
0-1

[Event "5. Lovsprings EMT Basis 2 1993"]
[Site "Ringsted"]
[Date "1993.03.26"]
[Round "1"]
[White "Stuhr, Finn"]
[Black "Hallberg, Peter"]
[Result "1-0"]
[WhiteElo "1561"]
[BlackElo "1522"]
[PlyCount "95"]
[EventDate "1993.??.??"]
[SourceDate "2016.09.02"]

1. e4 d6 2. d4 Nf6 3. Nc3 g6 4. b3 Bg7 5. Bb2 O-O 6. g3 c5 7. dxc5 Nxe4 8. Nxe4
Bxb2 9. Rb1 Qa5+ 10. Qd2 Qxd2+ 11. Kxd2 Bg7 12. cxd6 exd6 13. Bc4 d5 14. Bxd5
Rd8 15. c4 Be6 16. Ke3 Bxd5 17. cxd5 Rxd5 18. Ne2 Nc6 19. Kf3 f5 20. Ng5 Rd3+
21. Kg2 Rd2 22. Nf4 Rxa2 23. Nge6 Be5 24. Rhd1 Bxf4 25. Nxf4 Re8 26. Rd7 Re7
27. Rbd1 Kf8 28. R1d6 Ke8 29. Rxe7+ Nxe7 30. Ne6 Nc6 31. Ng5 h6 32. Nh7 Re2 33.
Rxg6 Kf7 34. Rxh6 Kg7 35. Rh4 Rb2 36. Ng5 Rxb3 37. Ne6+ Kg6 38. Nf4+ Kg7 39.
Ne6+ Kg6 40. Nc5 Rb5 41. Ne6 Rb4 42. Nf4+ Kg7 43. Rh5 a5 44. Rg5+ Kh7 45. h4 a4
46. Nd5 Rb3 47. h5 Kh6 48. Rg6+ 1-0

[Event "5. Lovsprings EMT Basis 2 1993"]
[Site "Ringsted"]
[Date "1993.04.18"]
[Round "3"]
[White "Stuhr, Finn"]
[Black "Petersen, Jesper"]
[Result "1-0"]
[WhiteElo "1561"]
[BlackElo "1526"]
[PlyCount "49"]
[EventDate "1993.??.??"]
[SourceDate "2016.09.02"]

1. e4 c5 2. Nf3 d6 3. d4 cxd4 4. Nxd4 Nf6 5. Nc3 g6 6. Be2 Bg7 7. O-O O-O 8. f4
Nc6 9. Nb3 Bd7 10. Kh1 Rc8 11. a3 a6 12. g4 Ne8 13. Qd3 Bxc3 14. Qxc3 Ne5 15.
Qh3 Nc4 16. f5 Ng7 17. Nd4 Ne5 18. Bf4 Qb6 19. Bxe5 dxe5 20. Nf3 Qe3 21. Bd3 f6
22. Rae1 Qb6 23. b3 g5 24. Qh6 Bb5 25. Nxg5 1-0

[Event "5. Lovsprings EMT Basis 2 1993"]
[Site "Ringsted"]
[Date "1993.04.23"]
[Round "4"]
[White "Jensen, Dan Bronnum"]
[Black "Stuhr, Finn"]
[Result "1-0"]
[WhiteElo "1600"]
[BlackElo "1561"]
[PlyCount "113"]
[EventDate "1993.??.??"]
[SourceDate "2016.09.02"]

1. e4 c5 2. Nc3 e6 3. g3 b6 4. Bg2 Bb7 5. f4 g6 6. Nf3 Bg7 7. d3 d6 8. Be3 Ne7
9. Qd2 d5 10. exd5 exd5 11. d4 c4 12. O-O O-O 13. Nh4 Bf6 14. Nf3 Nf5 15. Bf2
Bg7 16. Rae1 Nd7 17. Re2 Nf6 18. Ne5 Nd6 19. Rfe1 Nfe4 20. Nxe4 dxe4 21. Ng4 f5
22. Ne3 Qc7 23. c3 b5 24. Nc2 a5 25. a3 Rfd8 26. Qc1 Nc8 27. Ne3 Ra6 28. Rd2
Ne7 29. Bf1 Rad6 30. Qc2 Nd5 31. Nxd5 Bxd5 32. Be3 Rb6 33. Qd1 b4 34. axb4 axb4
35. g4 h6 36. Rg2 bxc3 37. bxc3 Rf8 38. gxf5 Rxf5 39. Qg4 Qc6 40. Qd1 Rb3 41.
Qc1 Qb6 42. Rf2 Qa5 43. Rc2 Qc7 44. Bh3 Rh5 45. Bg4 Rh4 46. Rg2 h5 47. Bd1 Rb5
48. Rxg6 Kf7 49. Rg5 Qd6 50. Bxh5+ Kf8 51. Bd1 Bf6 52. Rg2 Be6 53. Ree2 Bh3 54.
Rg3 Qb8 55. Bc2 Qb7 56. Bf2 Rf5 57. Bxe4 1-0

[Event "5. Lovsprings EMT Basis 2 1993"]
[Site "Ringsted"]
[Date "1993.04.23"]
[Round "4"]
[White "Nielsen, Carl Otto"]
[Black "Kronow, Jacob"]
[Result "0-1"]
[WhiteElo "1593"]
[BlackElo "1610"]
[PlyCount "87"]
[EventDate "1993.??.??"]
[SourceDate "2016.09.02"]

1. d4 Nf6 2. c4 g6 3. Nc3 Bg7 4. e4 d6 5. f3 O-O 6. Be3 Nbd7 7. Qd2 a6 8. Nh3
e5 9. d5 Ne8 10. g4 Kh8 11. Bg5 f6 12. Bh4 Qe7 13. O-O-O Nb6 14. Nf2 Qf7 15.
Be2 Bd7 16. b3 a5 17. Rdg1 a4 18. Bd1 axb3 19. Bxb3 Na4 20. Nxa4 Bxa4 21. Nd3
Qd7 22. Kd1 c6 23. dxc6 Qxc6 24. Ke2 Bxb3 25. axb3 Nc7 26. Ra1 Ne6 27. Bf2 f5
28. Nb4 Qd7 29. Nd5 Rxa1 30. Rxa1 fxe4 31. fxe4 Nf4+ 32. Nxf4 exf4 33. Rg1 f3+
34. Kd3 Qe6 35. Qe3 Qe5 36. Be1 f2 37. Bxf2 Qc3+ 38. Ke2 Qc2+ 39. Kf1 Qd1+ 40.
Qe1 Qxb3 41. Qe2 Bd4 42. Rg2 Kg7 43. Kg1 Qb1+ 44. Qe1 0-1

[Event "5. Lovsprings EMT Basis 2 1993"]
[Site "Ringsted"]
[Date "1993.04.23"]
[Round "4"]
[White "Petersen, Jesper"]
[Black "Jensen, Dennis"]
[Result "1-0"]
[WhiteElo "1526"]
[BlackElo "1601"]
[PlyCount "115"]
[EventDate "1993.??.??"]
[SourceDate "2016.09.02"]

1. d4 Nf6 2. c4 e6 3. Nc3 d5 4. Nf3 Be7 5. Bg5 Nbd7 6. e3 O-O 7. Bd3 b6 8. cxd5
exd5 9. O-O c5 10. Rc1 c4 11. Bf5 Re8 12. Bxd7 Qxd7 13. Ne5 Qb7 14. Qf3 Be6 15.
Bxf6 Bxf6 16. Nxc4 Qd7 17. Nd2 Rad8 18. Qd1 Bg4 19. Qa4 b5 20. Qxb5 Qxb5 21.
Nxb5 Be2 22. Nc7 Bxf1 23. Nxe8 Rxe8 24. Kxf1 Rb8 25. Rc7 Kf8 26. b3 a6 27. Rc6
a5 28. Rc5 a4 29. Rxd5 axb3 30. Nxb3 Ra8 31. Ra5 Rc8 32. Rc5 Ra8 33. Rc2 Be7
34. Ke2 Bd6 35. g3 Ke7 36. Kd3 Bb4 37. f4 h5 38. Nc5 Ra3+ 39. Ke4 g6 40. Rb2
Be1 41. Kf3 h4 42. Nb3 hxg3 43. hxg3 Kd6 44. Rc2 Bb4 45. e4 Kd7 46. e5 Be7 47.
Ke4 f5+ 48. exf6 Bxf6 49. g4 Kd6 50. Nd2 Ra4 51. Nc4+ Ke6 52. f5+ gxf5+ 53.
gxf5+ Ke7 54. d5 Kd8 55. d6 Ra7 56. Nb6 Ke8 57. Rc8+ Kf7 58. Rc7+ 1-0

[Event "5. Lovsprings EMT Basis 2 1993"]
[Site "Ringsted"]
[Date "1993.04.30"]
[Round "5"]
[White "Hallberg, Peter"]
[Black "Kronow, Jacob"]
[Result "1/2-1/2"]
[WhiteElo "1522"]
[BlackElo "1610"]
[PlyCount "31"]
[EventDate "1993.??.??"]
[SourceDate "2016.09.02"]

1. d4 Nf6 2. c4 g6 3. Nc3 Bg7 4. e4 d6 5. f3 O-O 6. Be3 Nbd7 7. Qd2 c5 8. d5
Ne8 9. h4 h5 10. Bh6 Ne5 11. Bxg7 Kxg7 12. b3 a6 13. Nh3 Bxh3 14. Rxh3 Qd7 15.
Qb2 Kh7 16. Na4 1/2-1/2

[Event "5. Lovsprings EMT Basis 2 1993"]
[Site "Ringsted"]
[Date "1993.04.30"]
[Round "5"]
[White "Nielsen, Carl Otto"]
[Black "Majlinder, Hans"]
[Result "1-0"]
[WhiteElo "1593"]
[BlackElo "1522"]
[PlyCount "45"]
[EventDate "1993.??.??"]
[SourceDate "2016.09.02"]

1. d4 f5 2. g4 fxg4 3. e4 e6 4. Bf4 d6 5. Nc3 Bd7 6. Qd2 Qe7 7. O-O-O Nc6 8. h3
gxh3 9. Bxh3 O-O-O 10. Nge2 h6 11. Bg2 g6 12. d5 exd5 13. exd5 Ne5 14. Rhe1 Bg7
15. Nd4 Qf7 16. Ncb5 Nc4 17. Nxa7+ Kb8 18. Nac6+ bxc6 19. Qb4+ Nb6 20. Bxd6
Bxd4 21. Rxd4 cxd5 22. Qxb6+ Ka8 23. Bxd5+ 1-0

[Event "5. Lovsprings EMT Basis 2 1993"]
[Site "Ringsted"]
[Date "1993.04.30"]
[Round "5"]
[White "Olsen, Lars Byrge"]
[Black "Stuhr, Finn"]
[Result "1-0"]
[WhiteElo "1620"]
[BlackElo "1561"]
[PlyCount "54"]
[EventDate "1993.??.??"]
[SourceDate "2016.09.02"]

1. e4 c5 2. Nf3 Nc6 3. d4 cxd4 4. Nxd4 Qb6 5. Nb3 Nf6 6. Nc3 g6 7. Be3 Qd8 8.
Be2 Bg7 9. Qd2 d6 10. Rd1 O-O 11. Bh6 Bxh6 12. Qxh6 Qb6 13. O-O a5 14. a4 Qb4
15. f3 Be6 16. Nd5 Bxd5 17. exd5 Ne5 18. Bb5 Rfc8 19. Rd4 Nc4 20. Qh4 Nxd5 21.
Rxd5 Ne3 22. Rd4 Nxg2 23. Rxb4 Nxh4 24. Rxh4 Rxc2 25. Rf2 Rc7 26. Rc4 Rxc4 27.
Bxc4 e5 1-0

[Event "5. Lovsprings EMT Basis 2 1993"]
[Site "Ringsted"]
[Date "1993.04.30"]
[Round "5"]
[White "Petersen, Jesper"]
[Black "Jensen, Dan Bronnum"]
[Result "1/2-1/2"]
[WhiteElo "1526"]
[BlackElo "1600"]
[PlyCount "65"]
[EventDate "1993.??.??"]
[SourceDate "2016.09.02"]

1. d4 d5 2. c4 e6 3. Nc3 Nf6 4. Nf3 c6 5. Bg5 Nbd7 6. e3 Qa5 7. a3 Ne4 8. b4
Nxc3 9. bxa5 Nxd1 10. Kxd1 Bd6 11. Nd2 O-O 12. c5 Bc7 13. Nb3 e5 14. Kc2 f5 15.
f3 Nf6 16. Be2 exd4 17. exd4 Bd7 18. Bd2 Rae8 19. Bd3 Re7 20. g3 Rfe8 21. Rae1
Rxe1 22. Rxe1 Rxe1 23. Bxe1 g6 24. Bd2 Be6 25. Kd1 Kg7 26. Ke2 h5 27. Be3 Nh7
28. Kf2 Bd8 29. Bf4 h4 30. a6 Bc8 31. axb7 Bxb7 32. a4 hxg3+ 33. hxg3 1/2-1/2

[Event "5. Lovsprings EMT Basis 2 1993"]
[Site "Ringsted"]
[Date "1993.05.14"]
[Round "6"]
[White "Jensen, Dan Bronnum"]
[Black "Olsen, Lars Byrge"]
[Result "1/2-1/2"]
[WhiteElo "1600"]
[BlackElo "1620"]
[PlyCount "136"]
[EventDate "1993.??.??"]
[SourceDate "2016.09.02"]

1. e4 c6 2. d4 d5 3. Nc3 dxe4 4. Nxe4 Nf6 5. Qd3 Nbd7 6. Nf3 Nxe4 7. Qxe4 Nf6
8. Qd3 g6 9. Be2 Bf5 10. Qb3 Qc7 11. O-O Bg7 12. h3 h5 13. Ne5 e6 14. c4 Ne4
15. Bf4 g5 16. Be3 f6 17. Nd3 Kf7 18. d5 c5 19. dxe6+ Bxe6 20. Bf3 Nd6 21. Rac1
g4 22. Bd5 gxh3 23. Bxe6+ Kxe6 24. Nf4+ Kf7 25. Nxh3 Rag8 26. Bf4 Bf8 27. Qd3
Qc6 28. Qd5+ Qxd5 29. cxd5 b6 30. Rfe1 Rg4 31. Bxd6 Bxd6 32. f3 Rh4 33. Re4
Rxe4 34. fxe4 Re8 35. Rf1 Kg6 36. Nf4+ Bxf4 37. Rxf4 a5 38. Kf2 Kg5 39. Kf3 c4
40. Rf5+ Kg6 41. Kf4 a4 42. a3 Rd8 43. Ke3 b5 44. Kd4 h4 45. Rf2 Rc8 46. Kc3
Re8 47. Re2 Kf7 48. Kb4 Rb8 49. Re3 Rg8 50. Re2 Rb8 51. Rf2 Ke7 52. Kc5 Rc8+
53. Kxb5 c3 54. bxc3 Rxc3 55. Kb4 Re3 56. Rf4 h3 57. gxh3 Rxh3 58. Kxa4 Rh8 59.
Kb4 Rb8+ 60. Kc5 Rc8+ 61. Kd4 Ra8 62. Kc5 Rxa3 63. d6+ Ke6 64. Kc6 Rc3+ 65. Kb5
Kxd6 66. Rxf6+ Ke5 67. Rh6 Kxe4 68. Kb4 Rc8 1/2-1/2

[Event "5. Lovsprings EMT Basis 2 1993"]
[Site "Ringsted"]
[Date "1993.05.14"]
[Round "6"]
[White "Kronow, Jacob"]
[Black "Petersen, Jesper"]
[Result "1-0"]
[WhiteElo "1610"]
[BlackElo "1526"]
[PlyCount "41"]
[EventDate "1993.??.??"]
[SourceDate "2016.09.02"]

1. e4 e5 2. Nf3 Nc6 3. Bc4 Bc5 4. c3 Nf6 5. d4 exd4 6. cxd4 Bb4+ 7. Bd2 Nxe4 8.
Bxb4 Nxb4 9. Bxf7+ Kxf7 10. Qb3+ d5 11. Ne5+ Ke8 12. Qxb4 Qd6 13. Qxd6 Nxd6 14.
Nc3 c6 15. O-O Kd8 16. Rfe1 Re8 17. Re2 Bd7 18. Rae1 Kc7 19. Rc1 a6 20. Nxd5+
Kd8 21. Nb6 1-0

[Event "5. Lovsprings EMT Basis 2 1993"]
[Site "Ringsted"]
[Date "1993.05.16"]
[Round "7"]
[White "Jensen, Arne Skov"]
[Black "Stuhr, Finn"]
[Result "1-0"]
[WhiteElo "1627"]
[BlackElo "1561"]
[PlyCount "58"]
[EventDate "1993.??.??"]
[SourceDate "2016.09.02"]

1. d4 Nf6 2. c4 e6 3. Bg5 Be7 4. Nf3 Ne4 5. Bxe7 Qxe7 6. a3 b6 7. e3 Bb7 8. Bd3
Ng5 9. Nbd2 d6 10. e4 d5 11. cxd5 Nxe4 12. O-O Nxd2 13. Nxd2 Bxd5 14. Be4 Qd6
15. Qf3 O-O 16. Rac1 c6 17. Nc4 Bxc4 18. Rxc4 b5 19. Rc3 Qxd4 20. Bxh7+ Kh8 21.
Qh5 Qf6 22. Rh3 Qh6 23. Qg4 f5 24. Bxf5 exf5 25. Rxh6+ gxh6 26. Qg6 a5 27. Rd1
Ra6 28. Qxh6+ Kg8 29. Qg6+ Kh8 1-0

[Event "5. Lovsprings EMT Basis 2 1993"]
[Site "Ringsted"]
[Date "1993.05.16"]
[Round "7"]
[White "Jensen, Dennis"]
[Black "Olsen, Lars Byrge"]
[Result "1/2-1/2"]
[WhiteElo "1601"]
[BlackElo "1620"]
[PlyCount "36"]
[EventDate "1993.??.??"]
[SourceDate "2016.09.02"]

1. d4 Nf6 2. c4 e6 3. Nc3 Bb4 4. Bg5 h6 5. Bd2 Bxc3 6. Bxc3 d5 7. e3 Nc6 8. Nf3
O-O 9. Be2 Ne4 10. Qc2 Qe7 11. a3 a5 12. O-O Bd7 13. Rfd1 f5 14. Qb3 a4 15. Qa2
Qf7 16. cxd5 exd5 17. g3 Be6 18. Rac1 g5 1/2-1/2